Odgadnij państwo Europejskie po dwóch podpowiedziach - Statystyki

Ogólne statystyki
  • Ten quiz został rozwiązany 49 razy
  • Średni wynik to 24 z 26
Statystyki odpowiedzi
podpowiedzi państwo % Poprawnych
Ikea, duży dostęp do Morza Bałtyckiego Szwecja
98%
pizza, północ bogatsza od południa Włochy
98%
sauna, Nokia Finlandia
95%
wysoka gospodarka, piwo Niemcy
95%
pierogi, złoty wiek Polska
95%
Cristiano Ronlado, Madera Portugalia
95%
ogromny teren, matrioszka Rosja
95%
wyjście z unii, wyspa Wielka Brytania
95%
Katalonia, wysoka turystyka Hiszpania
93%
wulkany, Reykjavik Islandia
93%
neutralność, banki Szwajcaria
93%
pszenica, utrata Krymu Ukraina
93%
najmniejszy kraj świata, papież Watykan
93%
południowy sąsiad polski, Sudety Czechy
90%
orzeł z dwoma głowami na fladze, robi się coraz bardziej katolickie Albania
88%
Pireneje, uwięziony między Francją a Hiszpanią Andora
88%
Mozart, monarchia Habsburgów Austria
88%
czekolada, brak oficjalnego języka Belgia
88%
rowery, położenie poniżej poziomu morza Holandia
88%
najmłodszy kraj Europy, kształt państwa na fladze Kosowo
88%
połów ryb, krótka granica z Rosją Norwegia
88%
Lego, Wielka Brytania bombardowała jego stolicę w roku 1801 Dania
85%
Akropol, Europa południowa Grecja
85%
wyspa na Morzu Śródziemnym, najsilniejsze tornado w historii Europy było w jego stolicy Malta
85%
najbiedniejszy kraj Europy, Naddniestrze Mołdawia
85%
ziemniaki, dyktatura Białoruś
78%
Nie znaleziono quizów pasujących do podanych kryteriów
Rozkład punktacji
Procent ludzi z każdym wynikiem
Percentyl według liczby udzielonych odpowiedzi
Twoja historia wyników
Nie rozwiązałeś tego quizu